LIBRARY & INFORMATION CENTRE, KCAET, TAVANUR

ONLINE PUBLIC ACCESS CATALOGUE (OPAC)

Introduction to pedology, Vol 1: Soil genesis / (Record no. 13299)

MARC details
000 -LEADER
fixed length control field 00426cam a2200157ua 4500
041 ## - LANGUAGE CODE
Language code of text/sound track or separate title eng
082 ## - DEWEY DECIMAL CLASSIFICATION NUMBER
Classification number 631.4
Item number BHA/IN
100 ## - MAIN ENTRY--AUTHOR NAME
Personal name Bhattacharjee, J C .
245 ## - TITLE STATEMENT
Title Introduction to pedology, Vol 1: Soil genesis /
250 ## - EDITION STATEMENT
Edition statement /
260 ## - PUBLICATION, DISTRIBUTION, ETC. (IMPRINT)
Place of publication Mumbai :
Name of publisher Oxford & IBH Book Company ,
Year of publication 1997.
300 ## - PHYSICAL DESCRIPTION
Number of Pages 299 ;
Accompanying material CD.
942 ## - ADDED ENTRY ELEMENTS (KOHA)
Koha item type Books
Holdings
Withdrawn status Lost status Damaged status Home library Current library Date acquired Full call number Accession Number Koha item type
      KAUAET KAUAET 07/04/2012 631.4 21789 Books
free website counter